Culture Générale - Série 1753 - Statistiques

Statistiques générales
  • Ce quiz a été pris 92 fois
  • Le résultat moyen est 4 sur 10
Statistiques - réponses
Question Réponse % Correct
Quel artiste est l'auteur d'une supplique pour être enterré sur la plage de sa ville natale, Sète ? Georges Brassens
75%
Quel condiment est évoqué à plus de 35 reprises dans la Bible ? sel
67%
Quel artiste français est connu pour ses affiches et tableaux du Moulin Rouge de Paris ? Toulouse-Lautrec
67%
Quel artiste a peint la célèbre Nuit étoilée ? Vincent Van Gogh
54%
Quel est l'insecte fétiche du dessinateur de bandes dessinées Marcel Gotlib ? coccinelle
40%
Quel est l'ancien nom de Tokyo ? Edo
39%
Quel auteur du XVIe siècle s'était choisi comme pseudonyme Alcofribas Nasier ? François Rabelais
37%
Qu'est-ce qu'un tadorne ? oiseau
28%
Flatter bassement, servilement. flagorner
15%
Qui a écrit " l'écornifleur" en 1892 ? Jules Renard
4%
Aucun quiz correspondant
Distribution des résultats
% des personnes avec chaque résultat
Percentile par nombre de réponses
Votre historique - résultats
Vous n’avez pas pris ce quiz